Region zu Land - Statistiken

Allgemein
  • Dieses Quiz wurde 251 mal gespielt
  • Das Durchschnittsergebnis liegt bei 13 aus 18
Antwortstatistiken
Region Land % Korrekt
Bayern Deutschland
99%
Holland Niederlande
97%
Hong Kong China
96%
Andalusien Spanien
96%
Schottland Vereinigtes Königreich
96%
Böhmen Tschechien
88%
Normandie Frankreich
87%
Lombardei Italien
86%
Skåne Schweden
81%
Tibet China
80%
Azoren Portugal
80%
Puerto Rico Vereinigte Staaten
78%
Kyushu Japan
74%
Chihuahua Mexiko
73%
Wallonien Belgien
67%
Igboland Nigeria
19%
Cabinda Angola
18%
Mari El Russland
11%
Keine übereinstimmenden Quizze gefunden
Verteilung der Resultate
Anzahl Personen mit jedem Resultat
Perzentil nach korrekt beantworteten Fragen
Ihre Resultats-Entwicklung
Sie haben dieses Quiz noch nicht gespielt